00959nam a2200181I 4500001000700000003000400007005001700011008004100028010001300069040002700082082001500109130004700124245040100171260005800572300003800630500008000668700002900748391203OSt20190107192647.0720825|1965||||||| |||| ||eng|c a64017541 aHiram College LibcDLC aREF 220.520 aBible.lEnglish.sRevised Standard.f1964.10aHarper study Bible:bThe Holy Bible. Rev. Standard version.cTranslated from the original tongues, being the version set forth A.D. 1611, rev. A.D. 1881-1885 and A.D. 1901, compared with the most ancient authorities and rev. A.D. 1952. Reference ed. with concordance and maps. Introductions, annotations, topical headings, marginal references, and index prepared and edited by Harold Lindsell. aGrand Rapids, Michigan,bZondervan Pub. Housec[1965] axiv,1889,191p.bcol. maps.c22cm. a"Concordance to the Holy Bible, revised standard version": 191p. (3d group)1 aLindsell, Harold,d1913-